Music Quiz

Random Music or Art Quiz
Score 0/296 Timer 10:00
0 Plays Today
hint Answer % Correct
just
94.4%
just
94.4%
just
94.4%
the
94.4%
just
94.4%
a
94.4%
and
94.4%
the
94.4%
and
94.4%
a
94.4%
the
94.4%
the
94.4%
the
94.4%
and
94.4%
the
94.4%
and
94.4%
a
94.4%
and
94.4%
chorus
94.4%
94.4%
just
94.4%
the
94.4%
the
94.4%
and
94.4%
just
94.4%
chorus
94.4%
just
94.4%
the
94.4%
you
93%
You
93%
you
93%
you
93%
you
93%
you
93%
you
93%
you
93%
you
93%
you
93%
you
93%
you
93%
you
93%
you
93%
you
93%
you
93%
you
93%
you
93%
you
93%
you
93%
you
93%
We
91.5%
we
91.5%
we
91.5%
go
90.1%
go
90.1%
go
90.1%
go
90.1%
go
90.1%
go
90.1%
go
90.1%
go
90.1%
it's
88.7%
I
88.7%
it
88.7%
I
88.7%
it
88.7%
I
88.7%
I
88.7%
it's
88.7%
i
88.7%
to
88.7%
i
88.7%
it's
88.7%
its
88.7%
to
88.7%
i
88.7%
to
88.7%
i
88.7%
to
88.7%
i
88.7%
to
88.7%
to
88.7%
it
88.7%
i
88.7%
it
88.7%
i
88.7%
it
88.7%
i
88.7%
i
88.7%
i
88.7%
i
88.7%
i
88.7%
i
88.7%
it's
88.7%
i
88.7%
to
88.7%
i
88.7%
to
88.7%
i
88.7%
were
87.3%
hint Answer % Correct
little
87.3%
kids
87.3%
were
87.3%
were
87.3%
am
87.3%
of
87.3%
art
87.3%
of
87.3%
art
87.3%
of
87.3%
of
87.3%
of
87.3%
art
87.3%
of
87.3%
of
87.3%
let
87.3%
art
87.3%
of
87.3%
My
85.9%
was
85.9%
But
85.9%
on
85.9%
But
85.9%
my
85.9%
but
85.9%
on
85.9%
but
85.9%
letting
85.9%
letting
85.9%
on
85.9%
but
85.9%
was
85.9%
on
85.9%
was
85.9%
my
85.9%
was
85.9%
my
85.9%
letting
85.9%
letting
85.9%
letting
85.9%
how
84.5%
how
84.5%
how
84.5%
crush
81.7%
serious
81.7%
see
81.7%
no
81.7%
can't
81.7%
heart
81.7%
im
81.7%
im
81.7%
cant
81.7%
no
81.7%
cant
81.7%
cant
81.7%
no
81.7%
cant
81.7%
see
81.7%
im
81.7%
love
80.3%
Never
80.3%
always
80.3%
know
80.3%
danger
80.3%
always
80.3%
runs
80.3%
what
80.3%
what
80.3%
seem
80.3%
seem
80.3%
always
80.3%
always
80.3%
never
80.3%
know
80.3%
love
80.3%
know
80.3%
always
80.3%
never
80.3%
know
80.3%
up
78.9%
up
78.9%
up
78.9%
up
78.9%
up
78.9%
when
78.9%
back
78.9%
when
78.9%
back
78.9%
when
78.9%
stranger
77.5%
do
77.5%
master
77.5%
master
77.5%
crazy
74.6%
could
74.6%
wasn't
74.6%
even
74.6%
happened
74.6%
even
74.6%
hint Answer % Correct
even
74.6%
could
74.6%
could
74.6%
growing
73.2%
us
73.2%
life
73.2%
us
73.2%
in
73.2%
pretend
73.2%
baby
73.2%
move
73.2%
life
73.2%
in
73.2%
pretend
73.2%
guess
71.8%
girlfriend
71.8%
again
71.8%
wanna
71.8%
again
71.8%
stars
70.4%
for
70.4%
got
70.4%
stuff
70.4%
scared
70.4%
losing
70.4%
ambiguous
69%
bottled
64.8%
me
64.8%
me
64.8%
me
64.8%
me
64.8%
As
63.4%
key
63.4%
lock
63.4%
is
63.4%
aligned
62%
not
62%
not
62%
feelings
60.6%
this
60.6%
song
60.6%
road
60.6%
snuck
59.2%
slow
59.2%
head
59.2%
take
57.7%
shows
57.7%
all
57.7%
are
56.3%
with
56.3%
doing
56.3%
with
56.3%
with
56.3%
with
56.3%
with
56.3%
with
56.3%
em
54.9%
try
54.9%
memories
54.9%
where
54.9%
help
53.5%
house
53.5%
Hide
52.1%
sometimes
52.1%
full
52.1%
oh
52.1%
dwell
50.7%
paint
50.7%
your
50.7%
stayed
50.7%
give
50.7%
everything
49.3%
dont
47.9%
lived
47.9%
ill
47.9%
only
46.5%
that
46.5%
that
46.5%
mean
45.1%
much
43.7%
be
43.7%
one
43.7%
be
43.7%
home
42.3%
saw
42.3%
you'll
42.3%
came
40.8%
right
39.4%
there
39.4%
if
39.4%
stays
38%
haunting
38%
maybe
32.4%
happy
22.5%
si
21.1%
wishing
16.9%
set
15.5%
picturees
0%
Come Together.
Have Fun.
All Virtual.
We all need to come together. Play Sporcle's virtual live trivia to have fun, connect with people, and get your trivia on. Join a live hosted trivia game for your favorite pub trivia experience done virtually. If a virtual private party is more your thing, go here for details.

You're not logged in!

Compare scores with friends on all Sporcle quizzes.
OR
Log In

Sporcle TV

Today on Sporcle TV


Watch our educational content, quiz creation guides, and fun videos on Sporcle TV.

Show Comments

Extras

Created Jan 23, 2016ReportNominate
Tags:Art Quiz, Kelly, tori

Top Quizzes Today


Score Distribution

Paid Content

Your Account Isn't Verified!

In order to create a playlist on Sporcle, you need to verify the email address you used during registration. Go to your Sporcle Settings to finish the process.

Report this User

Report this user for behavior that violates our Community Guidelines.

Details: